| 000 | 00485nam a2200169 a 4500 | ||
|---|---|---|---|
| 005 | 20140412111238.0 | ||
| 008 | 010531s19uu xx 00 eng d | ||
| 020 | _a0-307-10666-7 | ||
| 050 |
_aER _bBa23 1999 |
||
| 100 | _aLilly, Melinda | ||
| 245 |
_aBarbie: girls can do anything / _cMelinda Lilly. |
||
| 260 |
_aNew York : _bA Golden Book, _c1999. |
||
| 300 | _a1v. (unp.); ill. | ||
| 440 | _aMy First Barbie Series, Bk.4 | ||
| 650 | _aCommunity helper-Fiction | ||
| 999 |
_c102596 _d102596 |
||